| 000 | 01363nam0a22002771 4500 | ||
|---|---|---|---|
| 001 | rc\3605001 | ||
| 005 | 20130115143323.8 | ||
| 021 |
_aRU _b76-РК-1772/3 |
||
| 021 |
_aRU _bРг10140-76 |
||
| 035 | _a(NLR Aleph) 007709263 | ||
| 090 |
_a6832390 _c6832390 |
||
| 100 | _a20130115d1974 |||y0rusy50 ca | ||
| 101 | 0 | _arus | |
| 102 | _aRU | ||
| 105 | _aa z ||||| | ||
| 200 | 1 |
_aПроблемы информационного обеспечения автоматизированных систем планирования и управления народным хозяйством _eСборник науч. трудов _fНауч. ред. к. т. н. В.М. Лещенко _gГос. план. ком. Совета Министров УССР. Гл. науч.-исслед. и информ.-вычислит. центр |
|
| 210 |
_aКиев _cБ. и. _d1974 |
||
| 215 |
_a168 с. _cил. _d19 |
||
| 320 | _aБиблиогр. в конце докл. | ||
| 702 | 1 |
_aЛещенко _bВ. М. _4340 |
|
| 712 | 0 | 1 |
_aУССР _bГосударственный плановый комитет _bГлавный научно-исследовательский и информационно-вычислительный центр _3RU\NLR\AUTH\8810145525 |
| 801 | 0 |
_aRU _bNLR _gpsbo |
|
| 801 | 1 |
_aRU _bELAR _2rusmarc |
|
| 852 |
_aNLR _j76-3/6721 |
||
| 942 | _cBOOK | ||
| 980 | _aNB | ||